000 00401nam a2200145Ia 4500
008 100204s9999 xx 000 0 und d
082 _b16954
100 _aकाळे व. पु.
245 _aवलय
260 _b"मेहता पब्लिशिंग हाऊस , पुणे"
_c1992 4
300 _a168
630 _aवलय
730 _aवलय
942 _cBOOK
999 _c461377
_d461374